Fields virology / (Record no. 114285)
[ view plain ]
| 000 -LEADER | |
|---|---|
| fixed length control field | 00973mam a2200289 a 4500 |
| 008 - FIXED-LENGTH DATA ELEMENTS--GENERAL INFORMATION | |
| fixed length control field | |
| 020 ## - INTERNATIONAL STANDARD BOOK NUMBER | |
| International Standard Book Number | 0881675520 (hbk.) |
| 049 ## - LOCAL HOLDINGS (OCLC) | |
| Holding library | MAIN |
| 050 0# - LIBRARY OF CONGRESS CALL NUMBER | |
| Classification number | QR360 VIR |
| 003 - CONTROL NUMBER IDENTIFIER | |
| control field | |
| 005 - DATE AND TIME OF LATEST TRANSACTION | |
| control field | 20230120203936.0 |
| 040 ## - CATALOGING SOURCE | |
| Transcribing agency | NUST |
| 245 10 - TITLE STATEMENT | |
| Title | Fields virology / |
| Statement of responsibility, etc. | editors-in-chief, Bernard N. Fields, David M. Knipe ; associate editors, Robert M. Chanock ... [et. al.]. |
| 250 ## - EDITION STATEMENT | |
| Edition statement | 2nd ed. |
| 260 0# - PUBLICATION, DISTRIBUTION, ETC. | |
| Place of publication, distribution, etc. | New York : |
| Name of publisher, distributor, etc. | Raven Press, |
| Date of publication, distribution, etc. | c1990. |
| 300 ## - PHYSICAL DESCRIPTION | |
| Extent | 2 v. (xix,1267, 2356 p.) : |
| Other physical details | ill. ; |
| Dimensions | 29 cm. |
| 500 ## - GENERAL NOTE | |
| General note | Rev. ed. of: Virology / editor-in-chief, Bernard N. Fields ; associate editors, David M. Knipe ... [et al.]. c1985. |
| 504 ## - BIBLIOGRAPHY, ETC. NOTE | |
| Bibliography, etc. note | Includes bibliographical references. |
| 650 #0 - SUBJECT ADDED ENTRY--TOPICAL TERM | |
| Topical term or geographic name entry element | Virology. |
| 650 #2 - SUBJECT ADDED ENTRY--TOPICAL TERM | |
| Topical term or geographic name entry element | Virus Diseases |
| 650 #2 - SUBJECT ADDED ENTRY--TOPICAL TERM | |
| Topical term or geographic name entry element | Viruses |
| 700 10 - ADDED ENTRY--PERSONAL NAME | |
| Personal name | Fields, Bernard N. |
| 700 10 - ADDED ENTRY--PERSONAL NAME | |
| Personal name | Knipe, David M. |
| Fuller form of name | (David Mahan) |
| 740 01 - ADDED ENTRY--UNCONTROLLED RELATED/ANALYTICAL TITLE | |
| Uncontrolled related/analytical title | Virology. |
| 907 ## - LOCAL DATA ELEMENT G, LDG (RLIN) | |
| a | .b10223526 |
| b | 15-01-07 |
| c | 15-01-07 |
| 942 ## - ADDED ENTRY ELEMENTS (KOHA) | |
| Koha item type | Ordinary Loan Books |
| Date last seen | Total Checkouts | Full call number | Barcode | Cost, replacement price | Price effective from | Koha item type | Lost status | Source of classification or shelving scheme | Damaged status | Not for loan | Collection | Withdrawn status | Home library | Current library | Shelving location | Date acquired | Cost, normal purchase price |
|---|---|---|---|---|---|---|---|---|---|---|---|---|---|---|---|---|---|
| 01/20/2023 | QR360 FIE | 92003015966 | 80.00 | 01/20/2023 | BOOKS | LCC | NFIC | Medical | Medical | GEN | 01/20/2023 | 80.00 |